000 00622nam a2200181Ia 4500
008 100920s9999 xx 000 0 und d
082 _b54889
_a28 व 200 थ 88
100 _aदेशपांडे कृ.पं.
245 _aवामनपुराण.
260 _bअतुल बुक एजन्सी प्रकाशन, पुणे.
_c1988
300 _a60
_bसाधी
365 _b11
520 _aबा.वि.धार्मिक.
630 _aवामनपुराण.
650 _aबा.वि.धार्मिक.
730 _aवामनपुराण.
942 _cBOOK
999 _c699480
_d699477